000 01327naa a22003377a 4500
001 BR7310897
003 BR-BrBNA
005 20240918173531.0
007 ta
008 230509b bl.||||| |||| 00| 0 por d
040 _aBR-BrBNA
_bpor
_cBiblioteca Nacional de Agricultura
041 _a(Pt)
072 _aF00
_b0336
_bG514
090 _aF00 BR7310897
110 1 _aUniversidade Federal do Ceara, Fortaleza (Brasil). Centro de Ciencias Agrarias. Depto. de Fitotecnia
245 1 _aEpoca de plantio em soja [Glycine max, Quixada, Cascavel, Ceara, Brasil]
260 3 _aFortaleza, CE (Brasil):
_c1976.
500 _aConvenio BNB/UFC - Programa de experimentacao com as culturas do amendoim, mamona e soja no Estado do Ceara. Relatorio de pesquisa 1975 Fortaleza, CE (Brasil): 1976. p. 172-178 (BR7310897-AM)F00
650 _aSOJA
650 _aPLANTIO
650 _aADUBACAO
650 _aCOMPORTAMENTO DE VARIEDADE
650 _aSEMENTE
650 _aPRODUTIVIDADE
650 _aQUIXADA
650 _aCASCAVEL
650 _aCEARA
773 0 _tConvenio BNB/UFC - Programa de experimentacao com as culturas do amendoim, mamona e soja no Estado do Ceara. Relatorio de pesquisa 1975
_wF00 BR7310897
_gFortaleza, CE (Brasil), 1976. p. 172-178
909 _a202404
_bLucia
_c55
_dLucia Elande
942 _cAM
_2AGRIS
999 _c305211
_d305211